Albums-Songs (Ariana Grande) pt.1 - Statistics

General Stats
  • This quiz has been taken 16 times
  • The average score is 20 of 26
Answer Stats
Answer % Correct
1 Honeymoon Avenue
100%
Album Title Yours Truly
100%
2 Baby I
91%
3 Right There
91%
1 Intro
91%
Album Title My Everything
91%
12 My Everything
91%
5 Break free
82%
10 Just A Little Bit Of Your Heart
82%
9 Love Me Harder
82%
3 One Last Time
82%
11 Popular Song
82%
2 Problem
82%
8 The Way
82%
9 You'll Never Know
82%
10 Almost is never enough
73%
7 Be My Baby
73%
6 Piano
73%
8 Break Your Heart Right Back
64%
11 Hands On Me
64%
4 Tatooed Heart
64%
4 Why Try
64%
6 Best Mistake
55%
12 Better Left Unsaid
55%
7 Daydreamin'
55%
5 Lovin' It
36%
No matching quizzes found
Score Distribution
Percent of People with Each Score
Percentile by Number Answered
Your Score History
You have not taken this quiz